Fyzika príprava na univerzitné štúdium 3

Bibliographic Details
Main Author: Adlerová, Eleonóra, 1932-2023 (Author)
Format: Book
Language:Slovak
PhysicalDescription:106 s. sch. 29 cm
Published: V Bratislave Slovenská technická univerzita 1997
ISBN:802270945X
Series:Edícia príručiek
Subjects:

MARC

LEADER 00000nam a2200000 a 4500
001 vtls001291328
003 SK-MaSNL
005 20260301155445.0
008 251113s1997 xo a r y slo
015 |a SNBA1997/1103095 
020 |a 802270945X 
035 |a SNK000242999 
035 |a urn:nbn:sk:snk-amltgh 
035 |a urn:nbn:sk:snk-am00cdje 
035 |a 6CD0DE4D-1B45-47AE-8ED6-F38D12E1AC69 
040 |a SNK  |b slo  |c SNK  |e AACR2 
041 0 |a slo 
044 |a xo  |c SK 
080 |a 537.612(035)  |2 1981 
245 0 |a Fyzika  |b príprava na univerzitné štúdium  |n 3  |c [autori: Eleonóra Adlerová ... [et al.]] 
260 |a V Bratislave  |b Slovenská technická univerzita  |c 1997 
300 |a 106 s.  |b sch.  |c 29 cm 
490 1 |a Edícia príručiek 
500 |a 200 výt. 
504 |a Bibliogr. s. 105 
650 0 7 |a pole magnetické  |x príručky  |2 SNK  |9 519717 
650 0 7 |a fyzika  |x príručky  |2 SNK  |9 469863 
655 7 |a príručky  |2 SNK  |9 74364 
700 1 |a Adlerová, Eleonóra,  |d 1932-2023  |4 aut  |9 99471 
752 |d Bratislava 
810 2 |a Slovenská technická univerzita v Bratislave  |t Edícia príručiek  |9 195104 
919 |a 80-227-0945-X 
958 |a TL 
958 |a NB 
958 |a OND 
999 |c 801039  |d 802969 
952 |t P60, <09>, [BOOK], {629}  |a SNK  |b SNK  |y NEVYP  |7 0  |o snkB 808  |i snk2932/970624  |0 0  |1 0  |4 0  |d 1997-06-23  |l 0  |r 2005-01-02 00:00:00  |w 2026-02-24 
952 |t P60, <03>, [BOOK], {603}  |a SNK  |b SNK  |y PREZ  |7 0  |p 17A0076120  |o snkSB 56539/3  |i snkKSP 6816/97  |0 0  |1 0  |4 0  |d 1997-06-30  |f 1  |l 0  |r 2025-04-02 00:00:00  |w 2026-02-24 
952 |t P60, <04>, [BOOK], {604}  |a SNK  |b SNK  |y VYP  |7 0  |p 17A0076119  |o snkSB 56539/3 D1  |i snkKSP 6817/97  |0 0  |1 0  |4 0  |d 1997-06-30  |l 0  |r 2005-01-02 00:00:00  |w 2026-02-24